Nuevos escenarios y retos socioeconm̤icos tras la crisis una perspectiva comparada Espaą y Europa /

Detalles Bibliográficos
Autor principal: Serrano, Juana Mara̕
Otros Autores: Moreno, Roberto, Gutiřrez, Santiago
Formato: eBook
Lenguaje:español
Publicado: Madrid: Dykinson, 2017
Materias:
Acceso en línea:Acceso restringido

MARC

LEADER 00000nam a22000007a 4500
005 20180403213651.0
007 cr|||| |||
008 180403s2017 es |||||s|||| 00||0 spa d
020 |a 978-84-9148-453-0 
035 |a 21314 
040 |a vLex 
090 |c 7651  |d 7651 
100 1 |a Serrano, Juana Mara̕ 
245 1 0 |a Nuevos escenarios y retos socioeconm̤icos tras la crisis  |h [Recurso electrn̤ico] :  |b una perspectiva comparada Espaą y Europa /  |c Juana Mara̕ Serrano, Roberto Moreno, Santiago Gutiřrez 
256 |a Servicio en ln̕ea 
260 |a Madrid:  |b Dykinson,  |c 2017 
300 |a 1 recurso electrn̤ico 
500 |a Vivimos en una sociedad globalizada en la que los cambios se suceden de forma rp̀ida y, en muchas ocasiones, impredecible. Por ello, el anl̀isis reflexivo y realizado desde distintas disciplinas cientf̕icas nos aporta informacin̤ muy valiosa para afrontar los retos y desafo̕s que la sociedad nos plantea y que la ciudadana̕ merece que intentemos solucionar. Este modelo de sociedad y la crisis que hemos padecido en los l︢timos aǫs, ha provocado que la desigualdad y la precariedad social y econm̤ica estň patentes en todo el mundo. En los pas̕es denominados desarrollados se estǹ viviendo situaciones que crea̕mos desterradas, la marginalidad y la injusticia social crecen, y es vital arbitrar soluciones para abordar estos problemas. Esta obra dividida en tres bloques aborda distintos problemas de gran relevancia y actualidad, relacionados con la economa̕, empleo, gňero, acoso laboral y escolar, sexualidad y ecologa̕, entre otros, desde una mirada global. Pero al mismo tiempo, se exponen estos problemas desde un punto vista local, circunscritos a la comunidad de Castilla-La Mancha. Esta conjugacin̤ de lo global y lo local, en sintona̕ con el concepto de globalizacin̤ y con la teora̕ de abordar la solucin̤ de problemas globales desde propuestas y actuaciones locales. 
506 1 |a Disponible solo en los productos indicados  |d vLex Global  |d vLex Global (Academic Edition, excluding Law Schools)  |d vLex Global (U.S. Academic Edition, Law Schools)  |d vLex Global (U.S. Academic Edition, excluding Law Schools)  |d vLex Global (Academic Edition, Law Schools) 
650 0 4 |a Derecho Laboral y Seguridad Social  |z Espaą 
700 1 |a Moreno, Roberto 
700 1 |a Gutiřrez, Santiago 
740 0 |a vLex Libros (Servicio en ln̕ea) 
856 4 0 |u http://vlex.com/source/nuevos-escenarios-y-retos-socioeconomicos-tras-la-crisis-una-perspectiva-comparada-espa-a-y-europa-21314  |z Acceso restringido 
942 |c BOOK 
999 0 |a Labor law and social security